000 00355nam a22001577a 4500
003 MPLRDC
005 20220104144517.0
008 210129b ||||| |||| 00| 0 eng d
082 _a857.41 GKS
100 _a东鲁古狂生著
245 _a醉醒石
_c
260 _a
_b香港广智书局
_c
300 _b
650 _a
942 _cBK
_o857.41 GKS
999 _c50320
_d50310